| 000 | 00807nam a2200205 a 4500 | ||
|---|---|---|---|
| 008 | 100119s2009 ||||||||||||||||| || u | ||
| 020 | _a9780849375583 | ||
| 050 | _aQC 173.4.S94 Han | ||
| 100 | _aRiviere, John C | ||
| 245 | 1 | 0 |
_aHandbook of surface and interface analysis: methods for problem-solving. -- 2nd ed. _cedited by John C. Rivière and Sverre Myhra |
| 250 | _a2nd ed. | ||
| 260 |
_aNew York _bCRC Press _c2009 |
||
| 300 | _axx, 651p.: ill. | ||
| 350 | _a0.00 | ||
| 650 | 0 | _aCHEMISTRY--HANDBOOKS, MANUALS, ETC | |
| 650 | _aSURFACES (PHYSICS)--ANALYSIS | ||
| 650 | _aSurface chemistry | ||
| 700 | _aMyhra, Sverre | ||
| 995 |
_D0.00 _FCBU-MAIN LIBRARY (Kitwe) _H1 _I0.00 _M1 _UAVAILABLE _WMar 2, 2010 _ZMain Library Open Access Collection |
||
| 999 |
_c45331 _d45331 |
||